A brief history of the German forest - achievements and mistakes down the ages : what lessons can be learned for forestry in developing countries?

Bibliographic Details
Main Author: KLOSE
Other Authors: Brose
Format: Book
Published: Eschborn , German Agency for Technical Cooperation , 1985
Subjects:

MARC

LEADER 00000cam a2200000 7i4500
001 0000002603
005 20030827.0
020 0 0 |a 3880852499 
090 0 0 |a 634.92   |b KLO 1985 
100 1 0 |a KLOSE   |h Franz 
245 1 2 |a A brief history of the German forest - achievements and mistakes down the ages :   |b what lessons can be learned for forestry in developing countries?   |c Franz Klose, translated by J. Brose 
260 0 0 |a Eschborn ,   |c German Agency for Technical Cooperation ,   |c 1985 
300 |a 89 p. :   |b col. ill. ;   |c 21 cm. 
500 0 0 |a Bibliography : p. 89 
650 0 0 |a Forest management   |z Germany 
650 0 0 |a Forests and forestry   |x Law and legislation   |z Germany 
650 0 0 |a Forests and forestry   |z Germany 
700 0 1 |a Brose   |h J. 
998 |a JPSM 
999 |a 0000004275   |b Monograph   |c Open Shelf   |e Default branch